The Visual Dictrionary of Special Military Forces

Bibliographic Details
Format: Book
Published: London : Dorling Kindersley , 1993
Series:Eyewitness visual dictionaries
Subjects:

MARC

LEADER 00000cam a2200000 7i4500
001 0000005056
002 000005448
005 20011211.0
020 |a 0751310131 
090 0 0 |a 030   |b EYE 
245 0 4 |a The Visual Dictrionary of Special Military Forces 
260 |a London :   |b Dorling Kindersley ,   |c 1993 
300 |a 64 :   |b ill. ;   |c 32cm. 
490 0 |a Eyewitness visual dictionaries 
650 0 0 |a Military arm forces   |x Dictionaries 
999 |a 045472   |b BUKU   |c JUNIOR REFERENCE   |e PERPUSTAKAAN KOMUNITI CAW KOTA DAMANSARA